000
00254nam a2200097Ia 4500
001
784575
005
20250826170244.0
008
250824s9999 xx 000 0 und d
245
0
_a
ANTARKTİKA MACERASI SUZİKO
_c
SARA GÜRBÜZ ÖZEREN
260
_b
GENÇ DAMLA
999
_c
784575
_d
784575